[Event "Florianopolis blitz op 5th"]
[Site "Florianopolis"]
[Date "2019.01.23"]
[Round "3"]
[White "Granda Zuniga, Julio E"]
[Black "Rueda, Joaquin"]
[Result "1-0"]
[WhiteElo "2586"]
[BlackElo "2023"]
[PlyCount "42"]
[EventDate "2019.01.23"]
[EventType "swiss (blitz)"]
[EventRounds "11"]
[EventCountry "BRA"]
[SourceTitle "CBM 188 Extra"]
[Source "ChessBase"]
[SourceDate "2019.02.26"]
[SourceVersion "1"]
[SourceVersionDate "2019.02.26"]
[SourceQuality "1"]

1. d4 d5 2. c4 Nc6 3. cxd5 Qxd5 4. e3 e5 5. Nc3 Bb4 6. Bd2 Bxc3 7. bxc3 Nf6 8. c4 Qd6 9. d5 Ne7 10. Qb1 0-0 11. Bd3 c6 12. Bb4 c5 13. Bc3 Bd7 14. Nf3 e4 15. Bxe4 Nxe4 16. Qxe4 Rfe8 17. 0-0 b5 18. Rfd1 Bf5 19. Qe5 Qxe5 20. Nxe5 bxc4 21. f3 Be6 1-0

[Event "Florianopolis op 5th"]
[Site "Florianopolis"]
[Date "2019.01.21"]
[Round "1"]
[White "Rueda, Joaquin"]
[Black "Seiffert, Gabriel Pamplona"]
[Result "1-0"]
[WhiteElo "1961"]
[BlackElo "1436"]
[PlyCount "53"]
[EventDate "2019.01.21"]
[EventType "swiss"]
[EventRounds "10"]
[EventCountry "BRA"]
[SourceTitle "CBM 188 Extra"]
[Source "ChessBase"]
[SourceDate "2019.02.26"]
[SourceVersion "1"]
[SourceVersionDate "2019.02.26"]
[SourceQuality "1"]

1. e4 e5 2. d4 exd4 3. Qxd4 Nc6 4. Qe3 Nf6 5. Nc3 Be7 6. Bd2 0-0 7. 0-0-0 a6 8. h4 b5 9. Nd5 Nxd5 10. exd5 Nb4 11. d6 Bxd6 12. Bxb4 Bxb4 13. Qe4 c5 14. Qxa8 Qa5 15. Qf3 Qxa2 16. c3 Qa1+ 17. Kc2 Qa4+ 18. Kb1 Bb7 19. Qe2 Be4+ 20. Rd3 Re8 21. Qd2 Ba5 22. f3 Bxd3+ 23. Bxd3 b4 24. Ne2 Rb8 25. h5 d5 26. h6 c4 27. Qg5 1-0

[Event "ARG-ch U2000"]
[Site "Tacuari"]
[Date "2018.11.17"]
[Round "2"]
[White "Quinonez, Hector"]
[Black "Rueda, Joaquin"]
[Result "0-1"]
[WhiteElo "1873"]
[BlackElo "1960"]
[PlyCount "109"]
[EventDate "2018.11.16"]
[EventType "swiss"]
[EventRounds "8"]
[EventCountry "ARG"]
[SourceTitle "EXT 2020"]
[Source "ChessBase"]
[SourceDate "2019.10.17"]
[SourceVersion "1"]
[SourceVersionDate "2019.10.17"]
[SourceQuality "1"]

1. e4 e5 2. Nf3 Nc6 3. d4 exd4 4. Nxd4 Bc5 5. Be3 Qf6 6. c3 Nge7 7. Bc4 0-0 8. 0-0 b6 9. f4 d5 10. e5 Qh6 11. Bd3 Nxe5 12. Kh1 Nxd3 13. Qxd3 Qf6 14. b4 Bd6 15. Nd2 c5 16. bxc5 bxc5 17. Nb5 Ba6 18. a4 Rfd8 19. Nf3 Nf5 20. Bd2 Bf8 21. Ne5 Rac8 22. Ng4 Qg6 23. Ne5 Qf6 24. Ng4 Qg6 25. Ne5 c4 26. Qh3 Qf6 27. g4 Nd6 28. Nxd6 Qxd6 29. Be3 Bb7 30. Bd4 f6 31. Nf3 Qxf4 32. Rae1 Qc7 33. Qh5 Qf7 34. Qxf7+ Kxf7 35. Bxa7 Re8 36. Ng5+ Kg8 37. Ne6 d4+ 38. Kg1 d3 39. Bd4 d2 40. Re3 Rxe6 41. Rxe6 Bf3 42. a5 d1Q 43. Rxd1 Bxd1 44. h3 Bf3 45. a6 Bd5 46. Rb6 Ra8 47. Rb5 Bc6 48. Ra5 Kf7 49. a7 Ke6 50. Bb6 Kd7 51. Ra2 Bd6 52. Rd2 Ke6 53. Ra2 Be5 54. Re2 Kd6 55. Rd2+ 0-1

[Event "ARG-ch sf U2000 Turina Memorial"]
[Site "Jesus Maria"]
[Date "2018.02.07"]
[Round "5.1"]
[White "Perafan, Franco"]
[Black "Rueda, Joaquin"]
[Result "0-1"]
[WhiteElo "1827"]
[BlackElo "1960"]
[PlyCount "93"]
[EventDate "2018.01.06"]
[EventType "swiss"]
[EventRounds "6"]
[EventCountry "ARG"]
[SourceTitle "EXT 2024"]
[Source "ChessBase"]
[SourceDate "2023.10.10"]
[SourceVersion "1"]
[SourceVersionDate "2023.10.10"]
[SourceQuality "1"]

1. e4 e5 2. Nf3 Nc6 3. Bc4 Bc5 4. 0-0 Nf6 5. c3 d6 6. d4 exd4 7. cxd4 Bb6 8. Nc3 Bg4 9. Be3 0-0 10. h3 Bh5 11. g4 Bg6 12. Bg5 h6 13. Bh4 h5 14. Re1 hxg4 15. hxg4 Qd7 16. Nh2 Bxd4 17. Ne2 Bb6 18. Nf4 Ne5 19. Nxg6 Nxg6 20. Bg3 Rfe8 21. Qf3 Ne5 22. Bxe5 Rxe5 23. Kh1 Rae8 24. Bd3 Qe7 25. g5 Nxe4 26. Bxe4 Rxe4 27. Rg1 Re2 28. Ng4 Qe4 29. Kg2 Re5 30. Qxe4 R5xe4 31. Kf3 Re6 32. Rh1 Rxb2 33. Rag1 Kf8 34. a4 Bd4 35. Rd1 c5 36. Rh8+ Ke7 37. Rc8 Kd7 38. Rf8 Re7 39. Ra8 a6 40. Rh8 Kc6 41. Rc8+ Rc7 42. Re8 b5 43. axb5+ axb5 44. Ne3 Bxe3 45. Kxe3 b4 46. Rd8 Re7+ 47. Kf3 0-1

[Event "Montevideo Duchamp Cup 2nd"]
[Site "Montevideo"]
[Date "2018.02.04"]
[Round "4"]
[White "Amura, Claudia Noemi"]
[Black "Rueda, Joaquin"]
[Result "1-0"]
[WhiteElo "2243"]
[BlackElo "1976"]
[PlyCount "53"]
[EventDate "2018.02.02"]
[EventType "swiss"]
[EventRounds "9"]
[EventCountry "URU"]
[SourceTitle "CBM 182 Extra"]
[Source "ChessBase"]
[SourceDate "2018.02.23"]
[SourceVersion "1"]
[SourceVersionDate "2018.02.23"]
[SourceQuality "1"]

1. d4 d5 2. c4 e6 3. Nf3 c5 4. cxd5 exd5 5. g3 Nc6 6. Bg2 Nf6 7. 0-0 Be7 8. Nc3 0-0 9. dxc5 Bxc5 10. Na4 Be7 11. Be3 Ne4 12. Rc1 Re8 13. Nd4 Bd7 14. Nc3 Nxc3 15. Rxc3 Qa5 16. a3 Nxd4 17. Bxd4 Bc6 18. e3 Rac8 19. b4 Qa6 20. Qg4 Bf8 21. Rfc1 Rcd8 22. Bf1 Qa4 23. Bd3 Bb5 24. Bb1 Qa6 25. Rc7 g6 26. Qf4 Rd7 27. R7c6 1-0

[Event "ARG-ch sf U2300 Villa Maria"]
[Site "Villa Maria"]
[Date "2017.02.19"]
[Round "4.1"]
[White "Rueda, Joaquin"]
[Black "Gramaglia, Gonzalo Adrian"]
[Result "0-1"]
[WhiteElo "2025"]
[BlackElo "1715"]
[PlyCount "81"]
[EventDate "2017.02.18"]
[EventType "swiss"]
[EventRounds "6"]
[EventCountry "ARG"]
[SourceTitle "EXT 2024"]
[Source "ChessBase"]
[SourceDate "2023.10.10"]
[SourceVersion "1"]
[SourceVersionDate "2023.10.10"]
[SourceQuality "1"]

1. e4 d6 2. d4 Nf6 3. Nc3 g6 4. Nf3 Bg7 5. h3 c6 6. Be3 b5 7. Bd3 Bb7 8. a4 b4 9. Ne2 a5 10. 0-0 0-0 11. Qd2 Na6 12. Ng3 c5 13. c3 Rc8 14. Qe2 cxd4 15. cxd4 Nb8 16. Rac1 Qb6 17. Rfd1 Rxc1 18. Rxc1 Rc8 19. Rd1 b3 20. Nd2 Qb4 21. Nc4 Nfd7 22. Ra1 Nc6 23. Bd2 Nxd4 24. Qd1 Qc5 25. Rc1 Qa7 26. Nxa5 Rxc1 27. Qxc1 Nc5 28. Bf1 Nxa4 29. Qc7 Nc5 30. Qxe7 Bf8 31. Qe8 Nde6 32. Bc4 Bxe4 33. Bxe6 Nxe6 34. Nxe4 Qd4 35. Nc6 Qxe4 36. Ne7+ Kg7 37. Bc3+ Nd4 38. Nf5+ gxf5 39. Qxe4 fxe4 40. Bxd4+ Kg6 41. Be3 0-1

[Event "San Fernando U2300"]
[Site "San Fernando"]
[Date "2017.01.27"]
[Round "1.10"]
[White "Rueda, Joaquin"]
[Black "Poblete Mella, Lautaro"]
[Result "1/2-1/2"]
[WhiteElo "2025"]
[BlackElo "2169"]
[PlyCount "123"]
[EventDate "2017.01.27"]
[EventType "swiss"]
[EventRounds "6"]
[EventCountry "CHI"]
[SourceTitle "EXT 2024"]
[Source "ChessBase"]
[SourceDate "2023.10.10"]
[SourceVersion "1"]
[SourceVersionDate "2023.10.10"]
[SourceQuality "1"]

1. e4 c5 2. Nf3 d6 3. d4 cxd4 4. Nxd4 Nf6 5. Nc3 Nc6 6. Be3 Ng4 7. Bc1 Qb6 8. Bb5 Bd7 9. Bxc6 bxc6 10. 0-0 g6 11. Nb3 Bg7 12. Bg5 h6 13. Bd2 0-0 14. Qe2 e5 15. h3 Nf6 16. Be3 Qc7 17. Qd2 Kh7 18. Rad1 Ne8 19. f4 Be6 20. fxe5 dxe5 21. Bc5 Rg8 22. Be3 f5 23. Nc5 Bc8 24. exf5 gxf5 25. Qd3 Rf8 26. Qc4 Qe7 27. Nb3 Be6 28. Qxc6 Rc8 29. Qa6 f4 30. Bf2 f3 31. g4 Nc7 32. Qd6 Qf7 33. Qd3+ Kh8 34. Qe4 Ne8 35. Bc5 Rxc5 36. Nxc5 f2+ 37. Kg2 Bc4 38. Nd3 Nd6 39. Rxf2 Bxd3 40. Rxf7 Bxe4+ 41. Nxe4 Nxf7 42. Rd7 Ng5 43. Nxg5 hxg5 44. Rxa7 Re8 45. b3 e4 46. Kf1 Rf8+ 47. Ke2 Bd4 48. Re7 Rf2+ 49. Kd1 e3 50. Re4 Rd2+ 51. Kc1 Kg7 52. a4 Kf6 53. a5 Ba7 54. b4 Rd4 55. Rxe3 Rxb4 56. Rf3+ Rf4 57. Rb3 Ra4 58. Rb5 Bd4 59. Rf5+ Kg6 60. Kd2 Ra3 61. Ke2 Bc3 62. Rf3 1/2-1/2